Effect of different mulch materials on the growth of rubber seedlings in nursery (Record no. 57796)

MARC details
000 -LEADER
fixed length control field 01544nam a2200205Ia 4500
100 ## - MAIN ENTRY--AUTHOR NAME
Personal name Deka H K
245 #0 - TITLE STATEMENT
Title Effect of different mulch materials on the growth of rubber seedlings in nursery
260 ## - PUBLICATION, DISTRIBUTION, ETC. (IMPRINT)
Name of publisher Journal of Plantation Crops
Year of publication 2004
300 ## - PHYSICAL DESCRIPTION
Number of Pages 43-46
520 ## - SUMMARY, ETC.
Summary, etc The beneficial effects of five different mulch materials in improving the growth of rubber seedlings in the nursery was studied. Among the five treatments, the rubber seedlings in the paddy straw plots showed the best growth, followed by broad leaves, bamboo leaves, black polythene, transparent polythene mulches, when compared with unmulched control plants. Significant differences were observed for height of the plants between mulched and unmulched plots. The increase in girth and height in the plant of mulched plots varied from 41.9;to 96.2;and 6.9;to 14.6;respectively. In contrast, in polythene mulched plants the range of increase in the girth was only 8.3;to 15.9;while the height increase ranged between 1.3;to 5.5;. No significant difference was observed in the growth parameters of polythene mulched and unmulched plants. Mulching with plant material helped in maintaining the soil temperature and soil moisture at an optimum level, which favoured the growth of the plants.
650 ## - SUBJECT ADDED ENTRY--TOPICAL TERM
Topical Term Broad leaf mulch
650 ## - SUBJECT ADDED ENTRY--TOPICAL TERM
Topical Term Dont growth
650 ## - SUBJECT ADDED ENTRY--TOPICAL TERM
Topical Term Paddy mulch
650 ## - SUBJECT ADDED ENTRY--TOPICAL TERM
Topical Term Polythene mulch
650 ## - SUBJECT ADDED ENTRY--TOPICAL TERM
Topical Term Rubber seedling nursery
700 ## - ADDED ENTRY--PERSONAL NAME
Personal name Parimelazhagan T
700 ## - ADDED ENTRY--PERSONAL NAME
Personal name Reju M J
942 ## - ADDED ENTRY ELEMENTS (KOHA)
Koha item type Journals
Holdings
Withdrawn status Lost status Damaged status Not for loan Home library Current library Shelving location Date acquired Serial Enumeration / chronology Koha item type
      Journals RRII Library RRII Library Agronomy 17/12/2021 Volume 32, Issue 1 Journals